| 000 | 00522cam a2200193ua 4500 | ||
|---|---|---|---|
| 999 |
_c15610 _d15610 |
||
| 003 | OSt | ||
| 008 | 190520b ||||| |||| 00| 0 eng d | ||
| 082 |
_a631.3 _bMEH/TE |
||
| 100 |
_aMehta, M L . _94093 |
||
| 245 | 0 | 0 | _aTesting and evaluation of agricultural machinery |
| 250 | _a2 re. ed. | ||
| 260 |
_aNew Delhi _bDaya Publishing House _c2019 |
||
| 300 | _a384 p. | ||
| 700 | 1 |
_aMetha, M L . _94094 |
|
| 700 | 1 |
_aVerma, S R . _94095 |
|
| 700 | 1 |
_aRajan, Pradeep. _94096 |
|
| 700 | 1 |
_aSingh S K . _94097 |
|
| 942 | _cBK | ||